<The> Essence of effective communication

Enregistré dans:
Détails bibliographiques
Auteur principal: Ludlow, Ron
Autres auteurs: Panton, Fergus
Format: Livre
Langue:anglais
Publié: Harlow Financial Times/Prentice Hall 1992
Collection:The essence of management series
Sujets:
Tags: Ajouter un tag
Pas de tags, Soyez le premier à ajouter un tag!

MARC

LEADER 00000nam$a2200000$$$4500
001 0045352
005 20240111124529.0
020 |a 0-13-284878-3 
041 0 |a eng 
044 |a GB 
245 1 0 |a <The> Essence of effective communication  |c Ron Ludlow, Fergus Panton 
264 1 |a Harlow  |b Financial Times/Prentice Hall  |c 1992 
300 |a 156 s. 
490 1 |a The essence of management series 
830 0 |a The essence of management series 
610 2 0 |a komunikácia 
610 2 0 |a efektívnosť 
610 2 0 |a komunikácia interpersonálna 
610 2 0 |a komunikácia firemná 
610 2 0 |a organizácie 
610 2 0 |a interview 
610 2 0 |a prezentácia firemná 
610 2 0 |a skupiny pracovné 
610 2 0 |a tímy pracovné 
610 2 0 |a riadenie 
610 2 0 |a plánovanie 
610 2 0 |a vyjednávanie 
610 2 0 |a správanie 
610 2 0 |a vzdelávanie 
100 1 |a Ludlow, Ron 
700 1 |a Panton, Fergus